[Event "CZE-chT2F 2122"]
[Site "Czech Republic"]
[Date "2022.03.20"]
[Round "10.5"]
[White "Krupa, Radim"]
[Black "Mrva, Marek"]
[Result "1/2-1/2"]
[WhiteElo "2016"]
[BlackElo "2110"]
[PlyCount "84"]
[EventDate "2021.10.17"]
[EventType "team-tourn"]
[EventRounds "11"]
[EventCountry "CZE"]
[SourceTitle "EXT 2024"]
[Source "ChessBase"]
[SourceDate "2023.10.10"]
[SourceVersion "1"]
[SourceVersionDate "2023.10.10"]
[SourceQuality "1"]
[WhiteTeam "Dolni Benesov"]
[BlackTeam "Ostrava"]
[WhiteTeamCountry "CZE"]
[BlackTeamCountry "CZE"]

1. e4 c5 2. Nc3 Nc6 3. f4 e6 4. Nf3 d5 5. Bb5 Nf6 6. Qe2 d4 7. Bxc6+ bxc6 8. Nb1 Be7 9. d3 0-0 10. 0-0 Ba6 11. b3 Qc7 12. Na3 Nd7 13. Bd2 Rae8 14. Rae1 Kh8 15. Ng5 Bxg5 16. fxg5 f6 17. Qh5 g6 18. Qe2 fxg5 19. Bxg5 Qe5 20. Bh6 Rf6 21. Rxf6 Qxf6 22. Rf1 Qe7 23. Qd2 e5 24. Bg5 Qe6 25. Qa5 Qg4 26. Bh6 Qh5 27. Qxa6 Qxh6 28. Qxc6 Qe3+ 29. Kh1 Rf8 30. Rxf8+ Nxf8 31. Qf6+ Kg8 32. Qf1 Ne6 33. Nc4 Qg5 34. g3 h5 35. Nd6 Qe7 36. Nc4 Qg5 37. Qf2 h4 38. Qd2 Qh5 39. g4 Qxg4 40. Nxe5 Qh5 41. Nd7 Qf3+ 42. Qg2 Qd1+ 1/2-1/2

[Event "CZE-chT2F 2122"]
[Site "Czech Republic"]
[Date "2022.01.30"]
[Round "7.5"]
[White "Zboril, Tomas"]
[Black "Krupa, Radim"]
[Result "1/2-1/2"]
[WhiteElo "2134"]
[BlackElo "2035"]
[PlyCount "72"]
[EventDate "2021.10.17"]
[EventType "team-tourn"]
[EventRounds "11"]
[EventCountry "CZE"]
[SourceTitle "EXT 2024"]
[Source "ChessBase"]
[SourceDate "2023.10.10"]
[SourceVersion "1"]
[SourceVersionDate "2023.10.10"]
[SourceQuality "1"]
[WhiteTeam "Litovel Tatran"]
[BlackTeam "Dolni Benesov"]
[WhiteTeamCountry "CZE"]
[BlackTeamCountry "CZE"]

1. e4 e6 2. d4 d5 3. Nc3 Bb4 4. e5 c5 5. a3 Bxc3+ 6. bxc3 Ne7 7. Nf3 Bd7 8. a4 Qa5 9. Bd2 Nbc6 10. Qb1 Qc7 11. Bd3 0-0 12. 0-0 c4 13. Be2 f6 14. exf6 Rxf6 15. Bg5 Rf7 16. Qc1 Raf8 17. Bxe7 Rxe7 18. Qg5 Rf5 19. Qg3 Qa5 20. Nh4 Rf6 21. f4 Ref7 22. Qe3 Ne7 23. Bg4 Qc7 24. g3 Qd6 25. Nf3 Rf8 26. Rfe1 Nf5 27. Bxf5 Rxf5 28. Ne5 Be8 29. a5 R5f6 30. Reb1 Qc7 31. Rb4 Bg6 32. Nxg6 Rxg6 33. Qe5 Qe7 34. Re1 Qh4 35. Kg2 b6 36. Rf1 bxa5 1/2-1/2

[Event "CZE-chT2F 1718"]
[Site "Czech Republic"]
[Date "2017.12.03"]
[Round "4.6"]
[White "Krupa, Radim"]
[Black "Zidek, Vaclav"]
[Result "0-1"]
[WhiteElo "2007"]
[BlackElo "2129"]
[PlyCount "138"]
[EventDate "2017.10.15"]
[EventType "team-tourn"]
[EventRounds "11"]
[EventCountry "CZE"]
[SourceTitle "EXT 2022"]
[Source "ChessBase"]
[SourceDate "2021.10.06"]
[SourceVersion "1"]
[SourceVersionDate "2021.10.06"]
[SourceQuality "1"]
[WhiteTeam "Benesov Dolni"]
[BlackTeam "Poruba Slavoj II"]
[WhiteTeamCountry "CZE"]
[BlackTeamCountry "CZE"]

1. e4 e6 2. Qe2 e5 3. f4 exf4 4. Nf3 d6 5. d4 g5 6. h4 g4 7. Ng1 Qf6 8. Bd2 Nc6 9. c3 h5 10. Na3 Bd7 11. 0-0-0 0-0-0 12. Qf2 Bh6 13. Bd3 Nge7 14. Ne2 f3 15. Ng3 Bxd2+ 16. Rxd2 Ng6 17. gxf3 Qxf3 18. Qxf3 gxf3 19. Nf5 Nf4 20. Rf1 Bxf5 21. exf5 Nxd3+ 22. Rxd3 Rhg8 23. Rdxf3 Rg4 24. Rf4 Rdg8 25. Nc4 Ne7 26. Ne3 Rg3 27. R4f3 Rxf3 28. Rxf3 Rg1+ 29. Kc2 Rh1 30. Rf4 Rh2+ 31. Kc1 Re2 32. Rf3 Rh2 33. Rf4 Kd7 34. Nf1 Rh1 35. c4 Ng8 36. Kd2 Nf6 37. Ng3 Rh3 38. Ne2 Ng4 39. f6 Rxh4 40. Ng3 Rh2+ 41. Kc1 Nf2 42. Rf3 Rh3 43. Rxf2 Rxg3 44. Re2 Rg6 45. Re7+ Kd8 46. Rxf7 Rh6 47. Kd2 h4 48. Rg7 Rxf6 49. Rh7 Rf2+ 50. Kc3 Rf3+ 51. Kb4 h3 52. b3 a6 53. d5 b6 54. Ka4 Ke8 55. Rxc7 Kf8 56. Rh7 Kg8 57. Rh4 Kg7 58. b4 Rc3 59. c5 bxc5 60. b5 axb5+ 61. Kxb5 Kf6 62. a4 Ke5 63. Rh5+ Kf4 64. Kc6 Kg4 65. Rh8 Ra3 66. Kxd6 c4 67. Rc8 c3 68. Ke7 h2 69. Rh8 c2 0-1

[Event "CZE-chT2F 1617"]
[Site "Czech Republic"]
[Date "2017.02.26"]
[Round "9.6"]
[White "Krupa, Radim"]
[Black "Kubeczka, Ales"]
[Result "1/2-1/2"]
[WhiteElo "2000"]
[BlackElo "2031"]
[PlyCount "33"]
[EventDate "2016.10.09"]
[EventType "team-tourn"]
[EventRounds "11"]
[EventCountry "CZE"]
[SourceTitle "EXT 2022"]
[Source "ChessBase"]
[SourceDate "2021.10.06"]
[SourceVersion "1"]
[SourceVersionDate "2021.10.06"]
[SourceQuality "1"]
[WhiteTeam "Benesov Dolni"]
[BlackTeam "Havirov Slovan"]
[WhiteTeamCountry "CZE"]
[BlackTeamCountry "CZE"]

1. e4 c6 2. d4 d5 3. e5 c5 4. c4 cxd4 5. Qxd4 Nc6 6. Qxd5 Qxd5 7. cxd5 Nxe5 8. f4 Ng6 9. Nf3 Nf6 10. Nc3 a6 11. Be3 e6 12. dxe6 Bxe6 13. Nd4 Bd5 14. 0-0-0 Bb4 15. Nf5 Rc8 16. Bd4 Ne4 17. Bxg7 1/2-1/2

[Event "CZE-chT2F 1617"]
[Site "Czech Republic"]
[Date "2017.01.15"]
[Round "6.5"]
[White "Krupa, Radim"]
[Black "Gnida, Patrik"]
[Result "1-0"]
[WhiteElo "2000"]
[BlackElo "2108"]
[PlyCount "94"]
[EventDate "2016.10.09"]
[EventType "team-tourn"]
[EventRounds "11"]
[EventCountry "CZE"]
[SourceTitle "EXT 2022"]
[Source "ChessBase"]
[SourceDate "2021.10.06"]
[SourceVersion "1"]
[SourceVersionDate "2021.10.06"]
[SourceQuality "1"]
[WhiteTeam "Benesov Dolni"]
[BlackTeam "Velke Losiny"]
[WhiteTeamCountry "CZE"]
[BlackTeamCountry "CZE"]

1. e4 c5 2. Nc3 Nc6 3. f4 e6 4. Nf3 a6 5. d3 Qc7 6. g3 Nf6 7. Bg2 b5 8. 0-0 Bb7 9. e5 Ng4 10. a4 b4 11. Ne4 f5 12. exf6 Nxf6 13. Nfg5 h5 14. f5 e5 15. Bf3 Nd4 16. Nxf6+ gxf6 17. Bxh5+ Ke7 18. Ne4 d5 19. Nxf6 Kxf6 20. Qg4 Rxh5 21. Qxh5 Qg7 22. Qh4+ Kf7 23. Bg5 Bd6 24. Qh5+ Kg8 25. Bh6 Qf6 26. c3 bxc3 27. bxc3 Ne2+ 28. Qxe2 Qxh6 29. Rab1 Bc6 30. Rb6 Rc8 31. f6 Qg5 32. Qf3 e4 33. dxe4 dxe4 34. Qg2 c4 35. Rxc6 Qe3+ 36. Kh1 Rxc6 37. Qh3 Bf8 38. Qg4+ Kf7 39. Qd7+ Kg8 40. Qxc6 Qe2 41. f7+ Kh7 42. Qf6 e3 43. Qh4+ Kg7 44. Qg5+ Kh7 45. Qg8+ Kh6 46. Qxf8+ Kg5 47. Qg7+ Kh5 1-0

[Event "CZE-chT2F 1516"]
[Site "Czech Republic"]
[Date "2015.11.08"]
[Round "2.65"]
[White "Krupa, Radim"]
[Black "Zvardon, Petr"]
[Result "1-0"]
[WhiteElo "2007"]
[BlackElo "2008"]
[PlyCount "67"]
[EventDate "2015.10.18"]
[EventType "team-tourn"]
[EventRounds "11"]
[EventCountry "CZE"]
[SourceTitle "EXT 2022"]
[Source "ChessBase"]
[SourceDate "2021.10.06"]
[SourceVersion "1"]
[SourceVersionDate "2021.10.06"]
[SourceQuality "1"]
[WhiteTeam "Benesov Dolni"]
[BlackTeam "Vsetin"]
[WhiteTeamCountry "CZE"]
[BlackTeamCountry "CZE"]

1. e4 d6 2. Nc3 c5 3. f4 Nc6 4. Nf3 g6 5. d3 Bg7 6. g3 e6 7. Bg2 Nge7 8. 0-0 0-0 9. Be3 b6 10. d4 cxd4 11. Nxd4 a6 12. e5 d5 13. Na4 Rb8 14. Nxc6 Nxc6 15. c4 Ne7 16. c5 b5 17. Nb6 Bb7 18. Qd2 Qc7 19. b4 Rfd8 20. Bd4 Nf5 21. g4 Nxd4 22. Qxd4 g5 23. Rae1 gxf4 24. Rxf4 Qe7 25. g5 Qxg5 26. Rg4 Qe7 27. Re3 Kh8 28. Rh3 f5 29. Rgh4 h6 30. Qf4 Qf8 31. Rxh6+ Kg8 32. Qg5 Kf7 33. Qg6+ Ke7 34. Qxe6# 1-0